000 00468nam a2200169Ia 4500
999 _c8301
_d8301
003 OSt
005 20210125140530.0
008 190216s9999||||xx |||||||||||||| ||und||
040 _coclc
082 _a380
_bKOL/U
100 _aKoli, L N
_98432
245 0 _aUGC NET / JRF / SLET Commerce Paper II /
_cL N Koli
260 _bUpakar Prakashan,
_c2002.
_aAgra:
300 _a679p
650 _aCommerce
942 _cREF
_2ddc
_h380
_iKOL/U
_k380
_mKOL/U